Wanted! / (Record no. 6524)
[ view plain ]
| 000 -LEADER | |
|---|---|
| fixed length control field | 01876nam a22002897a 4500 |
| 001 - CONTROL NUMBER | |
| control field | 6524 |
| 003 - CONTROL NUMBER IDENTIFIER | |
| control field | FISKH |
| 005 - DATE AND TIME OF LATEST TRANSACTION | |
| control field | 20250508092413.0 |
| 008 - FIXED-LENGTH DATA ELEMENTS--GENERAL INFORMATION | |
| fixed length control field | 250508b cb ||||| |||| 00| 0 eng d |
| 020 ## - INTERNATIONAL STANDARD BOOK NUMBER | |
| International Standard Book Number | 9780590988490 |
| 040 ## - CATALOGING SOURCE | |
| Original cataloging agency | FISKH |
| Language of cataloging | eng |
| Transcribing agency | FISKH |
| Modifying agency | FISKH |
| 050 ## - LIBRARY OF CONGRESS CALL NUMBER | |
| Classification number | PZ7 .C |
| 082 ## - DEWEY DECIMAL CLASSIFICATION NUMBER | |
| Classification number | 813.54 |
| 100 ## - MAIN ENTRY--PERSONAL NAME | |
| Personal name | B. Cooney, Caroline |
| Dates associated with a name | (1947-) |
| 245 ## - TITLE STATEMENT | |
| Title | Wanted! / |
| Statement of responsibility, etc. | Caroline B. Cooney |
| 250 ## - EDITION STATEMENT | |
| Edition statement | This edition first published in 1997 |
| 260 ## - PUBLICATION, DISTRIBUTION, ETC. | |
| Place of publication, distribution, etc. | New York : |
| Name of publisher, distributor, etc. | Scholastic, |
| Date of publication, distribution, etc. | 1997 |
| 300 ## - PHYSICAL DESCRIPTION | |
| Extent | 230 pages : |
| Dimensions | 18 cm |
| 505 ## - FORMATTED CONTENTS NOTE | |
| Formatted contents note | R<br/> |
| 520 ## - SUMMARY, ETC. | |
| Summary, etc. | Thriller. Young Adult Fiction. HTML:A teenager on the run will do whatever it takes to clear her name and find her father's killer in this thriller by the author of the Janie Johnson series.<br/><br/>When Alice Robbie receives a strange call from her father, instructing her to drop everything, get in his precious Corvette, and meet him at her favorite ice cream shop, she can't help feeling like something is wrong. But before she can even leave, Alice discovers the horrifying truth: Her father has been murdered.<br/><br/>Even worse, someone has hacked into Alice's email and framed her with a confession of guilt. With no one to corroborate her story, Alice has no choice but to become a fugitive. Caught up in a living nightmare, Alice must figure out who really killed her father, and why, before the police can put her behind bars�or the killer puts her six feet under . . .<br/><br/>Buckle up for this fast-paced thrill ride from the bestselling author of The Face on the Milk Carton.<br/><br/>This ebook features an illustrated biography of Caroline B. Cooney including rare images and never-before-seen documents from the author's personal collection.<br/> |
| 521 8# - TARGET AUDIENCE NOTE | |
| Target audience note | 780<br/> |
| Source | Lexile<br/> |
| 521 8# - TARGET AUDIENCE NOTE | |
| Target audience note | R<br/> |
| Source | Raz-Plus<br/> |
| 650 ## - SUBJECT ADDED ENTRY--TOPICAL TERM | |
| Source of heading or term | Mystery |
| Topical term or geographic name entry element | Young adult |
| 650 ## - SUBJECT ADDED ENTRY--TOPICAL TERM | |
| Source of heading or term | Thriller |
| Topical term or geographic name entry element | Suspense |
| 942 ## - ADDED ENTRY ELEMENTS (KOHA) | |
| Source of classification or shelving scheme | Dewey Decimal Classification |
| Koha item type | Books |
| Suppress in OPAC | No |
| Withdrawn status | Lost status | Source of classification or shelving scheme | Damaged status | Not for loan | Collection | Home library | Current library | Shelving location | Date acquired | Total Checkouts | Full call number | Barcode | Date last seen | Copy number | Price effective from | Koha item type |
|---|---|---|---|---|---|---|---|---|---|---|---|---|---|---|---|---|
| Dewey Decimal Classification | Juvenile Fiction | Footprints International School Library Network Toul Tom Poung Campus | Footprints International School Library Network Toul Tom Poung Campus | TTP Primary Orange Bookshelves | 05/08/2025 | COO 813.54 PZ7 .C | 2025-1208 | 05/08/2025 | 1 | 05/08/2025 | Books |
